| 000 | 01885cam a22005174i 4500 | ||
|---|---|---|---|
| 003 | PE-LiUPU | ||
| 005 | 20250731184608.0 | ||
| 008 | 150616s r 000 0 d | ||
| 020 | _a0805411542 | ||
| 035 | _a(Sirsi) i9780805411546 | ||
| 040 |
_aPE-LiUPU _bspa _cPE-LiUPU _erda |
||
| 049 | _aPRUA | ||
| 082 | 0 | 4 |
_a933.03 _bC31 _221 |
| 100 | 1 |
_aCate, Robert L., _eautor. |
|
| 245 | 1 | 2 |
_aA History of the Bible Lands in the Interbiblical Period / _cRobert L. Cate. |
| 264 | 1 |
_aTennessee : _bBroadman Press, _c1989. |
|
| 300 |
_a176 páginas ; _c21 centímetros |
||
| 336 |
_atext _2rdacontent |
||
| 337 |
_aunmediated _2rdamedia |
||
| 338 |
_avolume _2rdacarrier |
||
| 504 | _aIncluye bibliografía. | ||
| 505 | 0 | _aThe rise of Greece.- The rule of Ptolemies over Palestine.- The rule of the Seleucids.- The Maccabean revolt.- The hasmonean period.- Judea and the early Roman domination.- The New Testament era.- The end of the Hebrew state. | |
| 526 | _aP136 | ||
| 526 | _aP135 | ||
| 526 | _aP134 | ||
| 526 | _aP133 | ||
| 526 | _aP144 | ||
| 526 | _aP143 | ||
| 526 | _aP87 | ||
| 526 | _aP35 | ||
| 526 | _aP20 | ||
| 526 | _aP14 | ||
| 526 | _aP10 | ||
| 526 | _aP06 | ||
| 630 |
_aBiblia _xHistoria de los acontecimientos bíblicos. |
||
| 650 | 0 | 4 |
_aJudios _xHistoria _y168 aC-135 dC. |
| 650 | 0 | 4 |
_aJudios _xHistoria _y586 aC-70 dC. |
| 650 | 0 | 4 |
_aOriente Medio _xHistoria _y622. |
| 910 |
_ajck _bjvq _cjck |
||
| 942 |
_2ddc _cBOOK |
||
| 949 |
_a933.03 C31 _wDEWEY _c1 _i42265 _lCCODEBUL1 _mBUL _r0 _sY _tBOOK _u2015-6-16 _xTEOLOGIA _zUNKNOWN _0COMPRA _o.STAFF. Colección General |
||
| 994 |
_aC0 _bPEPRU |
||
| 596 | _a1 | ||
| 999 |
_a933.03 C31 _wDEWEY _c60094 _i42265 _f2021-11-11 _g5 _lCCODEBUL1 _mBUL _r0 _sY _tBOOK _u2015-6-16 _xTEOLOGIA _zUNKNOWN _0COMPRA _o.STAFF. Colección General _d60094 |
||
| 980 |
_81 _gALBERTO SANCHEZ Responsable de Automatización |
||